000 00388nam a2200145 i 4500
001 34864
003 ES-MaACL
007 t|
008 030211s1916 fr ||||1| fre d
100 1 _aBonnier, Gaston.
_930279
245 1 0 _aEn Marge de la Grande Guerre /
_cGaston Bonnier.
260 _aParĂ­s :
_bErnest Flammarion,
_c1916.
300 _a346 p. ;
_c19 cm.
852 _aES-MaACL
_jG-4369
999 _c34864
_d34864